000 01293cam a22003617a 4500
003 CHAP
005 20220329142735.0
008 030403d1999 mx r 00110 spa d
010 _a87097
011 _a88069
020 _a9688846325
035 _a98614
040 _cCHAP
090 _aFolleto 16578
100 0 0 _aZubieta Rojas, Tohtli Laura Elena.
_9124257
245 1 0 _aCría y conservación de iguana verde en la costa michoacana :
_bel caso de Maruata
_c/por Tohtli Zubieta Rojas, Javier Alvarado Díaz y Eloísa Valdivia de Ortega
260 _a(Chapingo, Méx.) :
_bUACH.Dirección de Centros Regionales,
_c1999.
300 _a92 p. :
_bilus.
590 _aBATCH-UPD
_b10
_c20130110
_lUCH01
_h0514
590 _aBATCH-UPD
_b10
_c20130110
_lUCH01
_h2322
590 _aBATCH-UPD
_b10
_c20130410
_lUCH01
_h0152
590 _aBATCH-UPD
_b10
_c20130410
_lUCH01
_h1613
590 _aBATCH-UPD
_b10
_c20130914
_lUCH01
_h1629
590 _aCONVERSION
_b10
_c20130109
_lUCH01
_h1348
650 1 4 _aIguanas.
_957362
650 1 4 _aIguanas
_xCría de.
_957363
700 0 _aAlvarado Diaz, Javier.
_94774
700 0 _aValdivia de Ortega, M. Eloísa.
_9117313
901 _aBK
905 _aAlejandra Carrasco M.
942 _cFOLL
949 _aFolleto 16578
_bBC
_cUACH
_d33724000992368
_eUACH
_i98614
_sb
999 _c87097
_d87097